First 30 Digits of Pi - Statistics

General Stats
  • This quiz has been taken 60 times
  • The average score is 24 of 30
Answer Stats
Digit Number Answer % Correct
2 1
100%
1 3.
100%
3 4
100%
4 1
96%
7 2
96%
10 3
92%
5 5
92%
6 9
92%
16 3
88%
9 5
88%
11 5
88%
8 6
88%
12 8
88%
13 9
88%
17 2
84%
14 7
84%
15 9
84%
18 3
80%
20 4
80%
19 8
76%
22 2
72%
21 6
72%
23 6
64%
29 2
60%
25 3
60%
28 3
60%
24 4
60%
26 3
56%
27 8
56%
30 7
52%
No matching quizzes found
Score Distribution
Percent of People with Each Score
Percentile by Number Answered
Your Score History
You have not taken this quiz